Регионална библиотека "Любен Каравелов" - Русе

Най-важното за възпитанието според Монтесори, Корчак, Макараенко, Ериксон, Виготски (Запис номер 190292)

MARC детайли
000 -Лидер
Контролно поле с фиксирана дължина 02423nam a2200469 c 4500
003 - Код на организацията, давaща контролен номер
Контролно поле BLK
005 - Дата и час на последна редакция
Контролно поле 20241213145158.0
008 - Елементи от данни с фиксирана дължина
fixed length control field 180411b bul|||||r ||||||| ||bul||
010 ## - Наследен системен номер
LC control number KNG00199427000
020 ## - Международен стандартен номер на книга ISBN
Международен стандартен номер на книга ISBN 978-619-7356-03-8
040 ## - Източник на каталожния запис
Идентификатор на билиотеката - собственик на записа BLK
041 ## - Код за език
Код за езика на текст/звукозапис или на отделно заглавие Български
Код за езика КДБФ Български
072 #7 - Код за тематичната категория
Код организация bullib
Код за тематична категория Н37
Текст Образование. Педагогика Н
080 ## - УДК
Текстов определител УДК Системи на възпитание и образование
УДК код - определител по УДК 371.4
УДК определител (02.062)
УДК - код + определител 371.4(02.062)
080 ## - УДК
Текстов определител УДК Възпитание в дома и в училище
УДК код - определител по УДК 37.018.1/.2
УДК определител (02.062)
УДК - код + определител 37.018.1/.2(02.062)
080 ## - УДК
УДК код - определител по УДК 173.5/.6
УДК определител (02.062)
УДК - код + определител 173.5/.6(02.062)
080 ## - УДК
Текстов определител УДК Психология на детската възраст. Интелектуално развитие на децата. Психически особености. Детски представи, описани в разкази
УДК код - определител по УДК 159.922.7
УДК - код + определител 159.922.7
100 1# - Редна дума - Автор
Автор Аникеева, Нели Петровна
Авторска отговорност първи автор
R(LIN) 32548
139 ## - Редно поле
Редна дума Аникеева, Нели Петровна
Авторски знак Ани - А 69
245 10 - Сведения за заглавието
Заглавие Най-важното за възпитанието според Монтесори, Корчак, Макараенко, Ериксон, Виготски
Редно поле (дума) Нели Петровна Аникеева; прев. от рус. Таня Цолова.
257 ## - Страна на издаване
Страна на създаване/издаване Сборници - Свят
260 ## - Област на издателските данни
Име на издателя, разпространителя и проч. Асеневци
Година на издаване 2016
300 ## - Физическа характеристика
Страници 116 с.
Размери/Мащаб 20 см
380 ## - Жанр
Жанр Обществени науки
500 ## - Общи забележки
Забележка Ориг. загл. Главное о воспитании детей. М. Монтессори, Я. Корчак, Л. Выготский, А. Макаренко, Э. Эриксон. - Библиогр. с. 115-116.
650 #4 - Допълнително описание по предмет – тема
Основно описание – тема или топоним Педагогика
9 (RLIN) 165929
650 #4 - Допълнително описание по предмет – тема
Основно описание – тема или топоним Семейно възпитание - популярна литература
9 (RLIN) 323993
650 #4 - Допълнително описание по предмет – тема
Основно описание – тема или топоним Детска и педагогическа психология - популярна литература
9 (RLIN) 291999
653 ## - Ключова дума – ненормативна
Ключова дума педагогика
653 ## - Ключова дума – ненормативна
Ключова дума възпитание
653 ## - Ключова дума – ненормативна
Ключова дума детска психология
659 ## - Тематичен бюлетин
Тематичен бюлетин Н
700 1# - Други автори (авторска отговорност)
Лично име Цолова, Таня
Автороска отговорност (Описва отношението между автора и произведението) прев. от рус.
9 (RLIN) 377983
852 ## - Местоположение
Форматна сигнатура Цб 284125
856 4# - Електронен адрес и достъп
Електронен формат pdf - файл
856 4# - Електронен адрес и достъп
Електронен формат pdf - файл
999 ## - СИСТЕМНИ КОНТРОЛНИ НОМЕРА
Koha biblionumber 190292
Koha biblioitemnumber 190292
942 ## - АРТИКУЛИ
Вид на библиотечния материал Книги
Скрит в OPAC Не
Koha issues (borrowed), all copies 29
Периодичен библиозапис Да
944 ## - СЪЗДАВАНЕ И РЕДАКЦИЯ на ЗАПИСА
Създаване/Редакция Създаване
Дата на регистрацията/редакция 27.01.2017
Статус, дата на статуса Цветомила Тодорова
Служител, извършил регистрацията/редакцията 30576
944 ## - СЪЗДАВАНЕ И РЕДАКЦИЯ на ЗАПИСА
Създаване/Редакция Редакция
Дата на регистрацията/редакция 29.12.2017
Статус, дата на статуса ф /
Служител, извършил регистрацията/редакцията Людмила_Стоянова
999 ## - СИСТЕМНИ КОНТРОЛНИ НОМЕРА
Koha biblioitemnumber 190292
999 ## - СИСТЕМНИ КОНТРОЛНИ НОМЕРА
Koha biblioitemnumber 190292
Наличности
Код за отписване Код за изгубен артикул Източник на класификационната схема Код за повреда Коз за рестрикции Код за отдаване Артикулен № Име на библиотеката - собственик Име на библиотеката, в която се намира в момента Статус (Текущо местоположение) Дата на вписване в системата Местоположение - отдел Цена в лева Инвентарен номер Систематично азбучна сигнатура Баркод Номер на екземпляра Цена в евро Служебна бележка Служебен тип на артикула
  Не е изгубен Universal Decimal Classification Не е повреден без рестрикции заемане за дома 334802 Регионална библиотека "Любен Каравелов" Русе Регионална библиотека "Любен Каравелов" Русе Заемна - подръчен фонд 2017-01-27 Заемна - подръчен фонд 9.95 120000807989 П 37.09/А 69 Н 120000807989 1 5.09 Дост: Pk Вид: Ф N: 481 Дата: 27.01.2017 Книги
  Не е изгубен Universal Decimal Classification Не е повреден без рестрикции заемане за дома 334803 Регионална библиотека "Любен Каравелов" Русе Регионална библиотека "Любен Каравелов" Русе Заемна - подръчен фонд 2017-12-15 Заемна - подръчен фонд 4.00 120000818135 37.09/А 69 Н 120000818135 2 2.05 Дост: Pk Вид: Ф N: 498 Дата: 15.12.2017 Книги
  Не е изгубен Universal Decimal Classification Не е повреден без рестрикции заемане за дома 861088 Регионална библиотека "Любен Каравелов" Русе Регионална библиотека "Любен Каравелов" Русе Заемна - подръчен фонд 2021-11-10 Заемна - подръчен фонд 7.96   37.09/А 69 Н 120000862272   4.07   Книги
  Не е изгубен Universal Decimal Classification Не е повреден без рестрикции заемане за дома 861089 Регионална библиотека "Любен Каравелов" Русе Регионална библиотека "Любен Каравелов" Русе Заемна - подръчен фонд 2021-11-10 Заемна - подръчен фонд 7.96   37.09/А 69 Н 120000862271   4.07   Книги
  Не е изгубен Universal Decimal Classification Не е повреден без рестрикции заемане за дома 861090 Регионална библиотека "Любен Каравелов" Русе Регионална библиотека "Любен Каравелов" Русе Заемна - подръчен фонд 2021-11-10 Заемна - подръчен фонд 7.96   37.09/А 69 Н 120000862270   4.07   Книги
Vip Innovations Ltd, Rousse, Bulgaria 2025